000 01473nam a2200373 a 4500
001 000115166
003 CHAP
005 20220329144520.0
008 181106s2018 mx a sm |||||||spa d
010 _a111627
011 _a112599
040 _cCHAP
090 _aTesis
100 1 _aSantiago García, Lidia.
_9136115
245 1 0 _aAntagonismo e identificación de hongos en semillas de genotipos de quinua (Chenopodium quinoa Will) /
_h[En línea]
_cpor Lidia Santiago García.
260 _aChapingo, Méx. :
_bEl autor,
_c2018.
500 _aPara ver el contenido del material haga clic en la liga
502 _aTesis (Ing. Agr. Esp. en Parasitología Agrícola) -- UACH. Departamento de Parasitología Agrícola
590 _aBATCH-UPD
_b10
_c20190617
_lUCH01
_h1154
590 _aE11695DGD
_b10
_c20190617
_lUCH01
_h1154
590 _aE8697GMM
_b05
_c20181106
_lUCH01
_h1417
590 _aE8697GMM
_b05
_c20181106
_lUCH01
_h1419
590 _aE8697GMM
_b05
_c20181107
_lUCH01
_h1303
590 _aE8697GMM
_b05
_c20181107
_lUCH01
_h1303
590 _aE8697GMM
_b05
_c20181203
_lUCH01
_h0956
590 _aE8697GMM
_b05
_c20190517
_lUCH01
_h1333
650 1 4 _aHongos fitopatógenos
_xFisiología y morfología.
_9126607
650 1 4 _aHongos fitopatógenos
_xIdentificación.
_9131720
650 1 4 _aSemillas
_xEnfermedades por hongos.
_9103899
856 _aFinding aid
_uhttp://10.13.5.2/tesis/sist115166.pdf
_zTeclea aquí
901 _aBK
942 _cTESIS
942 _n0
999 _c111627
_d111627